• 首页
  • 本馆介绍
  • 公告通知
  • 最新文献
  • 馆藏检索
  • 电子资源
  • 读者导购
  • 参考咨询
  • 我的图书馆
  • 登录
  • 详细信息显示
  • 放入我的书架
  • 预约/预借图书
  • 作者相关作品
  • 分类相关作品
  • 丛书相关作品
  • 出版社相关作品

书目信息

  • 表格格式
  • 工作单格式
  • 卡片格式
题名:
水闸除险加固工程设计
    
 
作者: 和桂玲 编著
分册:  
出版信息: 北京   中国水利水电出版社  2008.01
页数: 199页
开本: 26cm
丛书名: 水工建筑物除险加固技术丛书
单 册:
中图分类: TV66
科图分类:
主题词: 水闸
电子资源:
ISBN: 978-7-5084-5079-7
000 00687nam0 2200217 450
001 0933932955
005 20091210092804.12
010    @a978-7-5084-5079-7@dCNY35.00
100    @a20091210d2008 km y0chiy0120 ea
101 0  @achi
102    @aCN@b110000
200 1  @a水闸除险加固工程设计@Ashui zha chu xian jia gu gong cheng she ji@f和桂玲等编著@Fhe gui ling deng bian zhu
210    @a北京@c中国水利水电出版社@d2008.01
215    @a199页@d26cm
225 2  @a水工建筑物除险加固技术丛书
410  0 @12001 @a水工建筑物除险加固技术丛书
606 0  @a水闸
690    @aTV66@v4
701  0 @a和桂玲@Ahe gui ling@4编著
801  0 @aCN@b山东省滨州职业学院图书馆@c20091210
905    @aBZT@dTV66@e1
    
    水闸除险加固工程设计/和桂玲等编著.-北京:中国水利水电出版社,2008.01
    199页;26cm.-(水工建筑物除险加固技术丛书)
    
    
    ISBN 978-7-5084-5079-7:CNY35.00
    
●
相关链接 在五车中查询图书 在当当中查询图书 在豆瓣中查询图书


正题名:水闸除险加固工程设计     索取号:TV66/1         预约/预借

序号 登录号 条形码 馆藏地/架位号 状态 备注
1 725614   2000725614   样本书库/样004架B面4层2列/ [索取号:TV66/1] 在馆    
2 725615   2000725615   中心书库中库/ 中库022架B面8列1层40/ [索取号:TV66/1] 在馆    
3 725616   2000725616   中心书库中库/ 中库022架B面8列1层23/ [索取号:TV66/1] 在馆    
4 725617   2000725617   中心书库中库/ 中库022架B面8列1层24/ [索取号:TV66/1] 在馆    
5 725618   2000725618   中心书库中库/ 中库022架B面8列1层25/ [索取号:TV66/1] 在馆    
6 725619   2000725619   中心书库中库/ 中库022架B面8列1层26/ [索取号:TV66/1] 在馆    
山东省滨州职业学院图书馆 欢迎您!
大连网信软件有限公司© 版权所有